000
00301nam a2200133Ia 4500
100
_a
Reiss/Howard
942
_c
BK
654
_a
Thermodynamics
245
_a
Methods of Thermodynamics
260
_b
Blaisdell Publishing Co
_a
Newyork
_c
1965
082
_a
536.7
_b
REI
546
_a
ENGLISH
999
_c
25638
_d
25638